000 00246 a2200109 4500
245 _aResource Atlas in Physical geography
_hText
020 _a9789812444226
100 _aGoh Cheng Leong
650 _aGEOGRAPHY
005 20191017173701.0
260 _c2005
084 _aNONE
999 _c10593
_d10593